00321nam a2200121Ia 4500008004100000041000800041082001500049100000800064245004500072260004400117300003100161365000700192240624s9999 xx 000 0 und d aeng a005.74 IBM aIBM aINTRODUCTION TO BUSINESS INTELLIGENCE AN c2004aNew DelhibPrentice-Hall of India avii, : 164 : p. : cm. ; 26 cRS